European education yearbook 1991

Salvato in:
Dettagli Bibliografici
Natura: Libro
Lingua:inglese
tedesco
francese
Pubblicazione: London Whitehall Press [1992]
Soggetti:
Tags: Aggiungi Tag
Nessun Tag, puoi essere il primo ad aggiungerne!!

MARC

LEADER 00000nam a2200000 4500
001 c124690
005 20221123101629.4
041 0 |a eng 
041 0 |a ger 
041 0 |a fre 
044 |a GB 
245 1 0 |a European education yearbook 1991 
264 1 |a London  |b Whitehall Press  |c [1992] 
300 |a 232 s. 
610 2 0 |a vzdelávanie 
610 2 0 |a školy vysoké 
610 2 0 |a školy vysoké odborné 
610 2 0 |a školstvo 
610 2 0 |a jazyky cudzie 
610 2 0 |a univerzity 
610 2 0 |a Európa 
610 2 0 |a Veľká Británia 
610 2 0 |a Austrália 
610 2 0 |a Nový Zéland 
610 2 0 |a Kanada